Black Sabbath: Albums by Cover - Statistics

General Stats
  • This quiz has been taken 101 times
  • The average score is 12 of 19
Answer Stats
Picture Hint Answer % Correct
1970 Paranoid
100%
1970 Black Sabbath
99%
1971 Master of Reality
91%
1973 Sabbath Bloody Sabbath
91%
1972 Vol. 4
88%
1980 Heaven and Hell
84%
1975 Sabotage
77%
1981 Mob Rules
71%
2013 13
67%
1978 Never Say Die!
67%
1983 Born Again
62%
1976 Technical Ecstasy
59%
1986 Seventh Star
48%
1992 Dehumanizer
43%
1989 Headless Cross
43%
1987 The Eternal Idol
43%
1990 Tyr
42%
1995 Forbidden
33%
1994 Cross Purposes
23%
No matching quizzes found
Score Distribution
Percent of People with Each Score
Percentile by Number Answered
Your Score History
You have not taken this quiz